000 00560nam a2200205 i 4500
001 C2-0312679
003 PPAK
005 20180729001247.0
008 111017s2006 my |||| ||||| | eng d
040 _aPPAK
_beng
_cPPAK
_erda
245 1 0 _aHigh school musical
264 1 _a[Kuala Lumpur] :
_bWalt Disney Home Entertaiment ,
_c[2006]
336 _2rdacontent
_atext
337 _2rdamedia
_aunmediated
338 _2rdacarrier
_avolume
700 _eauthor
700 1 _aOrtega, Kenny,
_ecompile
700 1 _aFlaum, Seth,
_eeditor
942 _2ddc
_cVCD
999 _c166671
_d166671